| 000 | 00484cam a2200181ua 4500 | ||
|---|---|---|---|
| 001 | 3536 | ||
| 008 | 111121n ii |||gr||||Z||||||eng | ||
| 040 | _cMAIN | ||
| 082 | _a920 | ||
| 100 |
_aNeogy, Prithwish, _eEditor. |
||
| 245 | 1 | 1 |
_aRabindranath tagore on art & aesthetics _ced. by Prithwish Neogy |
| 250 | _a1st. | ||
| 260 |
_aCalcutta: _bOrient longmans,961. |
||
| 300 |
_a113p: _c23cm. |
||
| 653 | _aAssamese | ||
| 653 | _aRabindranath tagore on art & aesthetics | ||
| 942 | _cBK | ||
| 999 |
_c3377 _d3377 |
||